| 000 | 00551nam a2200193Ia 4500 | ||
|---|---|---|---|
| 005 | 20260122095407.0 | ||
| 008 | 260121s9999||||xx |||||||||||||| ||und|| | ||
| 020 | _a9789355275677 | ||
| 082 |
_a934 _bDUT |
||
| 100 | _aDutt, Romesh Chunder | ||
| 245 | 0 |
_aHistory of civilization in ancient India, Vol. 2 _cRomesh Chunder Dutt |
|
| 250 | _a1st ed. | ||
| 260 |
_aChennai : _bMaven Books, _c2023. |
||
| 300 | _a356p.; hb | ||
| 440 | _vVol. 2 | ||
| 650 | _aAncient Indian history | ||
| 650 | _aSouth Asia — History — Ancient period | ||
| 942 | _cTB | ||
| 999 |
_c44628 _d44628 |
||